000 00391 a2200169 4500
001 195083
020 _a978-85-7406-880-0
040 _cMagnum
100 _aBarbieri, Stela
240 1 0 _aLabirinto de histórias
_lpor
245 1 0 _aLabirinto de histórias
300 _a47
362 0 _a2019
440 1 _aCompanhia da Letrinhas
697 _aLITERATURA INFANTO-JUVENIL
942 _cBK
999 _c195083
_d195083